| LEADER |
00903nam0a2200241 450 |
| 001 |
16868130 |
| 010 |
|
|
|a 978-2-330-20553-9
|b cart.
|d 18,9
|
| 100 |
|
|
|a 20250516d2025 u u0frey01 ba
|
| 101 |
0 |
|
|a fre
|
| 102 |
|
|
|a FR
|
| 200 |
0 |
|
|a encyclopédie du caca (L')
|f écrit par Véronique Corgibet
|g illustré par Seb Cazes
|
| 207 |
|
1 |
|a
|
| 210 |
|
|
|a Arles (Bouches-du-Rhône)
|c Actes Sud jeunesse
|d 2025
|
| 215 |
|
|
|a 1 vol. (62 p.)
|c illustrations en couleur
|d 28 x 18 cm
|
| 330 |
|
|
|a Une découverte du système digestif humain accompagnée de quelques règles d'hygiène élémentaires.
|
| 606 |
0 |
|
|a Fèces
|
| 608 |
|
|
|a Ouvrages pour la jeunesse
|
| 676 |
|
|
|a 612
|
| 700 |
|
0 |
|a Corgibet
|b Véronique
|4 70
|
| 702 |
|
0 |
|a Cazes
|b Sébastien
|4 440
|
| 900 |
|
|
|a Roman (enfants)
|
| 901 |
|
|
|a Jeunesse
|
| 995 |
|
|
|a Médiathèque
|c Médiathèque
|f 00156008863136
|h 00156008863136
|k E 612 COR
|o p
|q j
|r az
|e Médiathèque
|